F1 Season: 1960 Race Winners - Statistics

General Stats
  • This quiz has been taken 151 times
  • The average score is 8 of 10
Answer Stats
Grand Prix Driver % Correct
Dutch Jack Brabham
92%
Belgian Jack Brabham
92%
French Jack Brabham
92%
British Jack Brabham
92%
Portuguese Jack Brabham
92%
Monaco Stirling Moss
87%
United States Stirling Moss
87%
Italian Phil Hill
84%
Argentine Bruce McLaren
66%
Indianapolis 500 Jim Rathmann
37%
No matching quizzes found
Score Distribution
Percent of People with Each Score
Percentile by Number Answered
Your Score History
You have not taken this quiz